[Event "Landesliga Ost MV 2014-15"]
[Site "Mecklenburg-Vorpommern"]
[Date "2014.12.07"]
[Round "4.1"]
[White "Bigalke, Steffen"]
[Black "Luethke, Hans Eckart"]
[Result "0-1"]
[WhiteElo "1795"]
[BlackElo "2121"]
[PlyCount "136"]
[EventType "team-tourn"]
[EventRounds "9"]
[EventCountry "GER"]
[SourceDate "2014.04.06"]
[WhiteTeam "SAV Torgelow-Droegeheide 90  II"]
[BlackTeam "SSC Graal-Mueritz"]

1. e4 c5 2. Nc3 Nc6 3. g3 g6 4. Bg2 Bg7 5. d3 d6 6. f4 Rb8 7. Be3 Bd7 8. Qd2 b5
9. Nf3 b4 10. Nd1 Nf6 11. h3 Qc8 12. g4 h5 13. g5 Ng8 14. c4 e5 15. Nf2 Nge7
16. O-O Qa6 17. Nh4 exf4 18. Bxf4 Nd4 19. Rfe1 Be5 20. Nf3 Nxf3+ 21. Bxf3 Nc6
22. Kg2 Nd4 23. Bd1 Ne6 24. Bxe5 dxe5 25. Qe3 Nf4+ 26. Kh2 Qd6 27. Be2 O-O 28.
b3 f6 29. Rg1 Kh7 30. a3 a5 31. axb4 axb4 32. Ra5 Rbc8 33. Rga1 fxg5 34. Ra6
Rc6 35. Ra7 Rf7 36. R1a5 Ne6 37. Nh1 Nd4 38. Bd1 Qf6 39. Ra2 Qf4+ 40. Qxf4 gxf4
41. Rb7 Be6 42. Rb8 Bc8 43. Raa8 Rfc7 44. Nf2 Kg7 45. h4 Be6 46. Nh3 Bxh3 47.
Kxh3 Kf6 48. Rh8 Ne6 49. Rh6 Kg7 50. Rhh8 Rd6 51. Be2 f3 52. Bf1 Rf7 53. Kg3
Nd4 54. Kf2 Rdd7 55. Rac8 Rc7 56. Rcg8+ Kf6 57. Rh6 Rg7 58. Rf8+ Rcf7 59. Rc8
Nxb3 60. Rc6+ Ke7 61. Bh3 Nd4 62. Rxc5 Kd6 63. Ra5 b3 64. Ra6+ Kc5 65. Rhxg6 b2
66. Rgb6 Rb7 67. Rxb2 Rxb2+ 68. Kf1 Rh2 0-1

[Event "Landesliga Ost MV 2014-15"]
[Site "Mecklenburg-Vorpommern"]
[Date "2014.12.07"]
[Round "4.3"]
[White "Kilp, Andreas"]
[Black "Schulz, Wolf Detlef"]
[Result "1-0"]
[WhiteElo "1632"]
[BlackElo "1821"]
[PlyCount "160"]
[EventType "team-tourn"]
[EventRounds "9"]
[EventCountry "GER"]
[SourceDate "2014.04.06"]
[WhiteTeam "SAV Torgelow-Droegeheide 90  II"]
[BlackTeam "SSC Graal-Mueritz"]

1. e4 e5 2. Nf3 Nc6 3. Bc4 Nf6 4. Nc3 Bc5 5. O-O O-O 6. d3 d6 7. h3 Na5 8. Na4
Bb6 9. Bb3 Nxb3 10. Nxb6 axb6 11. cxb3 Bd7 12. Bg5 h6 13. Bd2 Qc8 14. Kh2 Kh7
15. Re1 c5 16. Ng1 d5 17. exd5 Nxd5 18. Qf3 Bc6 19. Qe4+ f5 20. Qxe5 Qd7 21.
Qe2 Qd6+ 22. Qe5 Qg6 23. Qg3 Qf6 24. Qe5 Qg6 25. Qg3 Qf6 26. Qe5 Qf7 27. Qe2
Qg6 28. f3 Qf6 29. Qe5 Qh4 30. Bc3 Rf7 31. Qg3 Qh5 32. Re5 g5 33. Ne2 Qg6 34.
d4 f4 35. Qf2 Qc2 36. Rc1 Qd3 37. a3 Ne3 38. dxc5 bxc5 39. Rxc5 Rd8 40. Re5 Bb5
41. Re1 Ba6 42. b4 Rfd7 43. Nc1 Qc4 44. R5xe3 fxe3 45. Rxe3 Qc7+ 46. g3 Qc4 47.
Qc2+ Rd3 48. Nxd3 Rxd3 49. Rxd3 Qxd3 50. Qxd3+ Bxd3 51. Kg2 Kg6 52. Kf2 Kf5 53.
h4 gxh4 54. gxh4 Bc2 55. Ke3 h5 56. Bg7 Kg6 57. Bf8 Kf5 58. b5 Ke5 59. Bg7+ Kd5
60. b6 Ke6 61. f4 Kd5 62. Kd2 Ba4 63. Ke3 Bd7 64. Bf6 Kc5 65. Bd8 Be6 66. a4
Bh3 67. b4+ Kc6 68. Kd4 Kd6 69. Bc7+ Ke6 70. Kc5 Bf1 71. b5 Bd3 72. a5 Kd7 73.
Be5 Ke8 74. a6 bxa6 75. bxa6 Bxa6 76. Kd6 Bd3 77. Ke6 Be4 78. Kf6 Kd7 79. Kg5
Bf3 80. f5 Ke7 1-0

[Event "Landesliga Ost MV 2014-15"]
[Site "Mecklenburg-Vorpommern"]
[Date "2014.12.07"]
[Round "4.4"]
[White "Schumann, Lutz"]
[Black "Schmidt, Paul"]
[Result "1/2-1/2"]
[WhiteElo "1735"]
[BlackElo "1451"]
[PlyCount "85"]
[EventType "team-tourn"]
[EventRounds "9"]
[EventCountry "GER"]
[SourceDate "2014.04.06"]
[WhiteTeam "SSC Graal-Mueritz"]
[BlackTeam "SAV Torgelow-Droegeheide 90  II"]

1. c4 e6 2. g3 Nf6 3. Bg2 d5 4. Nf3 Be7 5. O-O O-O 6. d3 Nbd7 7. Qc2 h6 8. b3
c5 9. cxd5 exd5 10. d4 b6 11. Nc3 Bb7 12. Qf5 Rc8 13. Bd2 Re8 14. Rac1 cxd4 15.
Nxd4 Ba3 16. Rcd1 Re5 17. Qb1 Bb4 18. Rc1 Ba3 19. Rc2 Bc5 20. e3 Ba6 21. Ndb5
Bb4 22. a4 Nc5 23. Rd1 Qe7 24. Be1 Rd8 25. Rd4 Bxc3 26. Bxc3 Nfe4 27. Bb4 Rc8
28. Ba3 Rd8 29. Qd1 Bxb5 30. axb5 Qb7 31. b4 Ne6 32. Bxe4 Rxe4 33. Rxe4 dxe4
34. Rd2 Rxd2 35. Qxd2 Qc7 36. Bb2 Ng5 37. Kg2 Nf3 38. Qd5 Qe7 39. Bc3 Kh7 40.
Qf5+ g6 41. Qc8 f6 42. Qc6 Kg7 43. Qd5 1/2-1/2

[Event "Landesliga Ost MV 2014-15"]
[Site "Mecklenburg-Vorpommern"]
[Date "2014.12.07"]
[Round "4.5"]
[White "Schmekel, Matthias"]
[Black "Micheel, Peter"]
[Result "0-1"]
[WhiteElo "1425"]
[BlackElo "1721"]
[PlyCount "143"]
[EventType "team-tourn"]
[EventRounds "9"]
[EventCountry "GER"]
[SourceDate "2014.04.06"]
[WhiteTeam "SAV Torgelow-Droegeheide 90  II"]
[BlackTeam "SSC Graal-Mueritz"]

1. e4 e6 2. d4 d5 3. exd5 exd5 4. Nc3 c6 5. Nf3 Bg4 6. h3 Bh5 7. Bf4 Nf6 8.
Qe2+ Qe7 9. O-O-O Qxe2 10. Bxe2 Bb4 11. g4 Bg6 12. Ne5 Bxc3 13. Nxg6 Bxb2+ 14.
Kxb2 hxg6 15. Rhe1 O-O 16. h4 Nbd7 17. h5 gxh5 18. gxh5 Rfe8 19. Be3 Re6 20.
Rg1 Rae8 21. Rg2 Kh8 22. Rdg1 Rg8 23. Rh1 Nb6 24. h6 g6 25. Rgh2 Kh7 26. Bd3
Nc4+ 27. Bxc4 dxc4 28. Rg1 Nd5 29. Bc1 Re4 30. Rd1 Rge8 31. f3 Re2 32. Rh4 Rf2
33. Re4 Re2 34. Rg4 Re1 35. Rxe1 Rxe1 36. f4 f5 37. Rg3 c3+ 38. Kb1 Kxh6 39.
Rh3+ Kg7 40. Rf3 Kf6 41. a3 b5 42. Rh3 a5 43. Rh7 a4 44. Rh3 Kg7 45. Rg3 Re4
46. Rd3 Kf6 47. Ka2 b4 48. Rd1 Nxf4 49. axb4 Ne2 50. Bh6 Nxd4 51. Ka3 Nb5+ 52.
Kxa4 Re2 53. Kb3 Re8 54. Kc4 Rb8 55. Bc1 g5 56. Kc5 Rc8 57. Rg1 f4 58. Rd1 Kf5
59. Kb6 Rf8 60. Kxc6 Na7+ 61. Kb7 Nc8 62. Rd5+ Ke4 63. Rxg5 Nd6+ 64. Kc6 Nc4
65. Rc5 Ne5+ 66. Kd6 Rd8+ 67. Ke7 Rb8 68. Rxe5+ Kxe5 69. Ba3 f3 70. Kd7 f2 71.
b5 Rxb5 72. Bd6+ 0-1

[Event "Landesliga Ost MV 2014-15"]
[Site "Mecklenburg-Vorpommern"]
[Date "2014.12.07"]
[Round "4.6"]
[White "Hausmann, Ulli"]
[Black "Bollnow, Alex"]
[Result "1/2-1/2"]
[WhiteElo "1623"]
[BlackElo "1406"]
[PlyCount "81"]
[EventType "team-tourn"]
[EventRounds "9"]
[EventCountry "GER"]
[SourceDate "2014.04.06"]
[WhiteTeam "SSC Graal-Mueritz"]
[BlackTeam "SAV Torgelow-Droegeheide 90  II"]

1. f4 Nf6 2. Nf3 g6 3. e3 Bg7 4. d4 d6 5. Be2 O-O 6. O-O Nbd7 7. c3 c5 8. Qc2
cxd4 9. cxd4 Nb6 10. Nc3 Be6 11. Ng5 Bc4 12. Bxc4 Nxc4 13. Qb3 Nb6 14. Bd2 Rc8
15. Rae1 Nc4 16. Qc2 Ng4 17. Rf3 Ngxe3 18. Rfxe3 Bxd4 19. Qd3 Bxe3+ 20. Bxe3
Nxe3 21. Rxe3 Qa5 22. Qd2 Rc5 23. Re1 Qb6 24. Kh1 Qd8 25. Qd3 h6 26. Nge4 Rc6
27. Qh3 Kh7 28. f5 d5 29. Ng5+ Kg7 30. Nf3 d4 31. Rd1 dxc3 32. Rxd8 Rxd8 33.
bxc3 Rxc3 34. Kg1 Rd1+ 35. Kf2 Ra1 36. fxg6 Rxa2+ 37. Kg3 fxg6 38. Qe6 Rcc2 39.
Qxe7+ Kg8 40. Qe8+ Kg7 41. Qe7+ 1/2-1/2

[Event "Landesliga Ost MV 2014-15"]
[Site "Mecklenburg-Vorpommern"]
[Date "2014.12.07"]
[Round "4.8"]
[White "Schroeter, Reinhard"]
[Black "Behm, Olaf"]
[Result "0-1"]
[WhiteElo "1535"]
[BlackElo "1384"]
[PlyCount "84"]
[EventType "team-tourn"]
[EventRounds "9"]
[EventCountry "GER"]
[SourceDate "2014.04.06"]
[WhiteTeam "SSC Graal-Mueritz"]
[BlackTeam "SAV Torgelow-Droegeheide 90  II"]

1. d4 d5 2. Nf3 c5 3. dxc5 Qa5+ 4. Nc3 e6 5. Bd2 Bxc5 6. e3 Nf6 7. Nxd5 Qd8 8.
Nxf6+ gxf6 9. Bc3 Bd7 10. g3 e5 11. Bg2 Nc6 12. Qd5 Qe7 13. Qe4 O-O-O 14. Rd1
h5 15. Nh4 Bg4 16. Rxd8+ Rxd8 17. O-O Qe6 18. Bf3 f5 19. Bxg4 fxg4 20. Qf5 Qxf5
21. Nxf5 Bb4 22. Ng7 h4 23. Bxb4 Nxb4 24. c3 Nd3 25. b3 h3 26. f3 e4 27. fxe4
Ne5 28. Nh5 Nf3+ 29. Rxf3 gxf3 30. Kf2 Rd2+ 31. Kxf3 Rxa2 32. g4 Ra3 33. Nf4
Rxb3 34. Nd5 a5 35. e5 Rb2 36. Kg3 a4 37. Kxh3 a3 38. Nb4 Re2 39. Kh4 Rxh2+ 40.
Kg5 Kd7 41. Kf5 Rb2 42. Kf6 Rf2+ 0-1

[Event "Landesliga Ost MV 2014-15"]
[Site "Mecklenburg-Vorpommern"]
[Date "2015.01.18"]
[Round "5.1"]
[White "Hagenlueke, Thomas"]
[Black "Bigalke, Steffen"]
[Result "1-0"]
[WhiteElo "1940"]
[BlackElo "1795"]
[PlyCount "76"]
[EventType "team-tourn"]
[EventRounds "9"]
[EventCountry "GER"]
[SourceDate "2014.04.06"]
[WhiteTeam "Greifswalder SV  II"]
[BlackTeam "SAV Torgelow-Droegeheide 90  II"]

1. d4 Nf6 2. Nc3 d5 3. Bf4 c6 4. Qd2 e6 5. f3 Be7 6. e3 Nbd7 7. Bd3 a6 8. Nh3
c5 9. O-O Nh5 10. Kh1 Nxf4 11. Nxf4 b5 12. Rae1 Bb7 13. Nh5 g6 14. Ng3 Bf6 15.
Nd1 cxd4 16. exd4 Qc7 17. c3 Bh4 18. f4 O-O-O 19. a4 bxa4 20. Qe2 Nb6 21. Bxa6
Bxa6 22. Qxa6+ Kd7 23. Ne3 Ra8 24. Qb5+ Qc6 25. Qe2 h5 26. Rc1 Nc4 27. Nc2 Rhb8
28. Nb4 Qb6 29. Rb1 Be7 30. Rfe1 Bxb4 31. cxb4 Qxb4 32. f5 Qb6 33. fxe6+ fxe6
34. Qd3 Nxb2 35. Qxg6 Re8 36. Nxh5 Re7 37. Nf6+ Kc6 38. Qc2+ Kb7 1-0

[Event "Landesliga Ost MV 2014-15"]
[Site "Mecklenburg-Vorpommern"]
[Date "2013.01.18"]
[Round "5.2"]
[White "Otto, Martin"]
[Black "Schwahn, Christian"]
[Result "0-1"]
[WhiteElo "1828"]
[BlackElo "1947"]
[PlyCount "136"]
[EventType "team-tourn"]
[EventRounds "9"]
[EventCountry "GER"]
[SourceDate "2014.04.06"]
[WhiteTeam "SAV Torgelow-Droegeheide 90  II"]
[BlackTeam "Greifswalder SV  II"]

1. Nf3 c5 2. g3 Nf6 3. Bg2 e6 4. O-O Be7 5. d3 d5 6. c3 O-O 7. Qc2 Nc6 8. e4
dxe4 9. dxe4 e5 10. h3 b6 11. Rd1 Qc7 12. Be3 Ba6 13. Nbd2 Na5 14. b3 Rad8 15.
Nf1 Bb7 16. Ne1 Ne8 17. Rxd8 Qxd8 18. Rd1 Qc8 19. Nf3 Nc6 20. g4 g6 21. Ng3 Ng7
22. Bh6 Rd8 23. Rxd8+ Qxd8 24. Qd2 Ne6 25. Be3 Qxd2 26. Nxd2 b5 27. Ne2 Bd6 28.
Nf3 f6 29. Kf1 b4 30. c4 Ncd4 31. Nfxd4 exd4 32. Bd2 g5 33. Ke1 Kf7 34. Nc1 Be5
35. Nd3 Ke7 36. f3 Kd6 37. Bf1 Bc8 38. Kf2 Bd7 39. Be2 Be8 40. Bd1 Bg6 41. Ke2
Nf8 42. Kf2 Nd7 43. Ke2 Nb6 44. Bc2 Bf7 45. Nb2 a5 46. Kd3 Bg3 47. Ke2 a4 48.
Bc1 a3 49. Nd3 Nxc4 50. bxc4 Bxc4 51. Bb1 Bf4 52. Bxf4+ gxf4 53. Kd2 b3 54.
axb3 Bxb3 55. Nxf4 a2 56. Bxa2 Bxa2 57. Nh5 Ke5 58. f4+ Kxe4 59. Nxf6+ Kxf4 60.
Nxh7 c4 61. Nf6 c3+ 62. Kc2 Bf7 63. h4 Ke3 64. g5 Be6 65. g6 d3+ 66. Kxc3 d2
67. Ng4+ Bxg4 68. g7 Be6 0-1

[Event "Landesliga Ost MV 2014-15"]
[Site "Mecklenburg-Vorpommern"]
[Date "2015.01.18"]
[Round "5.3"]
[White "Nauschuetz, Ernst"]
[Black "Kilp, Andreas"]
[Result "1/2-1/2"]
[WhiteElo "1818"]
[BlackElo "1632"]
[PlyCount "44"]
[EventType "team-tourn"]
[EventRounds "9"]
[EventCountry "GER"]
[SourceDate "2014.04.06"]
[WhiteTeam "Greifswalder SV  II"]
[BlackTeam "SAV Torgelow-Droegeheide 90  II"]

1. c4 e5 2. g3 Nf6 3. Bg2 c6 4. d4 exd4 5. Qxd4 Be7 6. Nf3 d5 7. O-O dxc4 8.
Qxc4 O-O 9. Nc3 Be6 10. Qa4 {[%emt 0:00:00]} Nd5 11. Nxd5 Qxd5 12. e4 Qc4 13.
Qxc4 Bxc4 14. Re1 Nd7 15. b3 Ba6 16. Bb2 Nc5 17. Bd4 Ne6 18. Be3 Bc5 19. Bxc5
Nxc5 20. Rad1 Rad8 21. Rd4 Ne6 22. Rxd8 Rxd8 1/2-1/2

[Event "Landesliga Ost MV 2014-15"]
[Site "Mecklenburg-Vorpommern"]
[Date "2015.01.18"]
[Round "5.4"]
[White "Greinert, Timo"]
[Black "Malchau, Jochen"]
[Result "1/2-1/2"]
[WhiteElo "1785"]
[BlackElo "1597"]
[PlyCount "27"]
[EventType "team-tourn"]
[EventRounds "9"]
[EventCountry "GER"]
[SourceDate "2014.04.06"]
[WhiteTeam "SAV Torgelow-Droegeheide 90  II"]
[BlackTeam "Greifswalder SV  II"]

1. c4 Nf6 2. Nc3 e6 3. g3 d5 4. cxd5 exd5 5. Bg2 c6 6. d4 Bf5 7. Nf3 Bd6 8. Bg5
Nbd7 9. Nh4 Be6 10. e4 dxe4 11. Nxe4 Be7 12. Nxf6+ Nxf6 13. O-O O-O 14. Be3
1/2-1/2

[Event "Landesliga Ost MV 2014-15"]
[Site "Mecklenburg-Vorpommern"]
[Date "2015.01.18"]
[Round "5.5"]
[White "Fasold, Gunnar"]
[Black "Kasel, Alexander"]
[Result "1-0"]
[WhiteElo "1575"]
[BlackElo "1550"]
[PlyCount "109"]
[EventType "team-tourn"]
[EventRounds "9"]
[EventCountry "GER"]
[SourceDate "2014.04.06"]
[WhiteTeam "Greifswalder SV  II"]
[BlackTeam "SAV Torgelow-Droegeheide 90  II"]

1. d4 Nf6 2. Nf3 e6 3. Bg5 Be7 4. e3 d6 5. Bd3 Nbd7 6. O-O c5 7. c4 cxd4 8.
Nxd4 a6 9. Nd2 Qc7 10. Rc1 b6 11. Re1 Bb7 12. Qc2 Rc8 13. Qb1 Qc5 14. Bxf6 Nxf6
15. Be2 O-O 16. Bf3 Bxf3 17. N2xf3 Qb4 18. b3 d5 19. cxd5 Nxd5 20. Nc6 Qd6 21.
Nxe7+ Qxe7 22. Qb2 Nb4 23. Qe2 Rcd8 24. Nd4 Qb7 25. Rc4 Nd5 26. Rec1 Rc8 27.
Kf1 b5 28. Rxc8 Rxc8 29. Rxc8+ Qxc8 30. Qc2 Qc3 31. Qxc3 Nxc3 32. a3 Nb1 33. a4
bxa4 34. bxa4 Nd2+ 35. Ke2 Nc4 36. Nb3 Nb6 37. a5 Nc4 38. Kd3 Nd6 39. Kd4 Kf8
40. Kc5 Ne4+ 41. Kb6 Nxf2 42. Nc5 Ng4 43. Kxa6 Nxe3 44. Kb7 Nc4 45. a6 Nd6+ 46.
Kc6 Nc8 47. Kc7 Na7 48. Kb7 Nb5 49. Kc6 Na7+ 50. Kb7 Nb5 51. Na4 Ke7 52. Nc3
Nd6+ 53. Kb8 Nc4 54. a7 Nb6 55. Kb7 1-0

[Event "Landesliga Ost MV 2014-15"]
[Site "Mecklenburg-Vorpommern"]
[Date "2015.01.18"]
[Round "5.6"]
[White "Schmidt, Paul"]
[Black "Kohn, Matthias"]
[Result "0-1"]
[WhiteElo "1451"]
[BlackElo "1634"]
[PlyCount "28"]
[EventType "team-tourn"]
[EventRounds "9"]
[EventCountry "GER"]
[SourceDate "2014.04.06"]
[WhiteTeam "SAV Torgelow-Droegeheide 90  II"]
[BlackTeam "Greifswalder SV  II"]

1. e4 c6 2. d4 d5 3. Nc3 dxe4 4. Nxe4 Nf6 5. Nxf6+ gxf6 6. Nf3 Bf5 7. Bf4 e6 8.
Qd2 Nd7 9. O-O-O Nb6 10. Be2 Nd5 11. a3 h5 12. Rhe1 Nxf4 13. Kb1 Nd5 14. Ka1
Bh6 0-1

[Event "Landesliga Ost MV 2014-15"]
[Site "Mecklenburg-Vorpommern"]
[Date "2015.01.18"]
[Round "5.7"]
[White "Kriese, Ralf"]
[Black "Schmekel, Matthias"]
[Result "1-0"]
[WhiteElo "1656"]
[BlackElo "1425"]
[PlyCount "67"]
[EventType "team-tourn"]
[EventRounds "9"]
[EventCountry "GER"]
[SourceDate "2014.04.06"]
[WhiteTeam "Greifswalder SV  II"]
[BlackTeam "SAV Torgelow-Droegeheide 90  II"]

1. e4 e5 2. Nf3 Nc6 3. Bc4 Nf6 4. Ng5 d5 5. exd5 Nxd5 6. Nxf7 Kxf7 7. Qf3+ Ke6
8. Nc3 Nce7 9. d4 c6 10. O-O g6 11. Ne4 Nf5 12. Ng5+ Ke7 13. g4 h6 14. gxf5
gxf5 15. Qh5 Qe8 16. Qxe8+ Kxe8 17. Nf3 Rg8+ 18. Kh1 e4 19. Ne5 Be6 20. Bd2 b5
21. Bb3 c5 22. dxc5 Bxc5 23. Bxh6 Bd4 24. Rad1 Bxe5 25. f4 Bxf4 26. Bxd5 Bxd5
27. Rxf4 Bb7 28. h4 e3+ 29. Kh2 Rg2+ 30. Kh3 e2 31. Re1 Rd8 32. Rxf5 Rd7 33.
Bg5 Rd2 34. Bxd2 1-0

[Event "Landesliga Ost MV 2014-15"]
[Site "Mecklenburg-Vorpommern"]
[Date "2015.01.18"]
[Round "5.8"]
[White "Bollnow, Alex"]
[Black "Motullo, Jens"]
[Result "1/2-1/2"]
[WhiteElo "1406"]
[BlackElo "1617"]
[PlyCount "95"]
[EventType "team-tourn"]
[EventRounds "9"]
[EventCountry "GER"]
[SourceDate "2014.04.06"]
[WhiteTeam "SAV Torgelow-Droegeheide 90  II"]
[BlackTeam "Greifswalder SV  II"]

1. e4 e5 2. Nf3 Nc6 3. Bb5 g6 4. O-O Bg7 5. c3 Nge7 6. d4 exd4 7. cxd4 O-O 8.
Nc3 d6 9. Bg5 f6 10. Bh4 Bg4 11. Be2 Qc8 12. d5 Nd8 13. h3 Bd7 14. Re1 g5 15.
Bg3 Ng6 16. h4 Nf7 17. Qd2 Bh6 18. h5 g4 19. hxg6 Bxd2 20. gxf7+ Kxf7 21. Nxd2
h5 22. Nb3 Rh8 23. f4 gxf3 24. Bxf3 Qg8 25. Kf2 Qg5 26. Ne2 Rag8 27. Rh1 Bg4
28. Bf4 Qg6 29. Nbd4 Bd7 30. Rag1 Ke7 31. Ng3 Bg4 32. Ngf5+ Ke8 33. Ne6 Bxf5
34. exf5 Qxf5 35. Re1 Kd7 36. Re2 Kc8 37. Rc1 Kb8 38. Rxc7 Rc8 39. Bxd6 Rxc7
40. Bxc7+ Kc8 41. d6 Re8 42. Nd4 Rxe2+ 43. Nxe2 b5 44. Ba5 Qc5+ 45. Kf1 Qxd6
46. Bc3 b4 47. Bd4 a5 48. Bxh5 1/2-1/2

[Event "Landesliga Ost MV 2014-15"]
[Site "Mecklenburg-Vorpommern"]
[Date "2015.01.18"]
[Round "5.1"]
[White "Luethke, Hans Eckart"]
[Black "Voelschow, Siegfried"]
[Result "1/2-1/2"]
[WhiteElo "2121"]
[BlackElo "1957"]
[PlyCount "26"]
[EventType "team-tourn"]
[EventRounds "9"]
[EventCountry "GER"]
[SourceDate "2014.04.06"]
[WhiteTeam "SSC Graal-Mueritz"]
[BlackTeam "SV Waterkant Saal"]

1. e4 e5 2. Nf3 Nc6 3. Bb5 a6 4. Bxc6 dxc6 5. O-O Bg4 6. h3 h5 7. d3 Qf6 8.
Nbd2 Ne7 9. Re1 Ng6 10. d4 Bxf3 11. Qxf3 exd4 12. Qxf6 gxf6 13. g3 O-O-O
1/2-1/2

[Event "Landesliga Ost MV 2014-15"]
[Site "Mecklenburg-Vorpommern"]
[Date "2015.01.18"]
[Round "5.2"]
[White "Schwarz, Eckhard"]
[Black "Van Bentum, Horst"]
[Result "1/2-1/2"]
[WhiteElo "1863"]
[BlackElo "2013"]
[PlyCount "29"]
[EventType "team-tourn"]
[EventRounds "9"]
[EventCountry "GER"]
[SourceDate "2014.04.06"]
[WhiteTeam "SV Waterkant Saal"]
[BlackTeam "SSC Graal-Mueritz"]

1. d4 Nf6 2. Nf3 e6 3. c4 Bb4+ 4. Bd2 Qe7 5. Qc2 Bxd2+ 6. Nbxd2 d6 7. e4 e5 8.
dxe5 dxe5 9. c5 O-O 10. Be2 Nc6 11. O-O Bg4 12. Rad1 Rfd8 13. Rfe1 h6 14. a3 a5
15. Nb3 1/2-1/2

[Event "Landesliga Ost MV 2014-15"]
[Site "Mecklenburg-Vorpommern"]
[Date "2015.01.18"]
[Round "5.3"]
[White "Schulz, Wolf Detlef"]
[Black "Onasch, Gunnar"]
[Result "0-1"]
[WhiteElo "1821"]
[BlackElo "1821"]
[PlyCount "52"]
[EventType "team-tourn"]
[EventRounds "9"]
[EventCountry "GER"]
[SourceDate "2014.04.06"]
[WhiteTeam "SSC Graal-Mueritz"]
[BlackTeam "SV Waterkant Saal"]

1. e4 c5 2. Nc3 Nc6 3. Bc4 g6 4. f4 Bg7 5. Nf3 e6 6. O-O Nge7 7. d3 O-O 8. Qe1
d5 9. Bb3 a6 10. a4 Nd4 11. Nxd4 cxd4 12. Nd1 dxe4 13. Qxe4 Rb8 14. Nf2 b6 15.
Qe2 Bb7 16. Ne4 Nd5 17. Rb1 Qd7 18. Rf2 Rfc8 19. Ng5 Bc6 20. Qg4 Bxa4 21. Qh3
Bxb3 22. Qxh7+ Kf8 23. cxb3 Rc6 24. h4 Nf6 25. f5 Nxh7 26. fxe6 Rxe6 0-1

[Event "Landesliga Ost MV 2014-15"]
[Site "Mecklenburg-Vorpommern"]
[Date "2015.01.18"]
[Round "5.4"]
[White "Wiese, Frank"]
[Black "Schumann, Lutz"]
[Result "1-0"]
[WhiteElo "1875"]
[BlackElo "1735"]
[PlyCount "55"]
[EventType "team-tourn"]
[EventRounds "9"]
[EventCountry "GER"]
[SourceDate "2014.04.06"]
[WhiteTeam "SV Waterkant Saal"]
[BlackTeam "SSC Graal-Mueritz"]

1. d4 d5 2. c4 c6 3. Nf3 Nf6 4. Nc3 Bf5 5. cxd5 cxd5 6. Qb3 Qd7 7. Ne5 Qc7 8.
Bf4 Qb6 9. e3 Qxb3 10. axb3 e6 11. Nb5 Bb4+ 12. Kd1 O-O 13. Nc7 Ne4 14. Nd3 Nc6
15. Nxa8 Rxa8 16. f3 Nf6 17. g4 Bxd3 18. Bxd3 a5 19. Ke2 Nd7 20. Rhc1 f6 21.
Bb5 Rc8 22. Bg3 e5 23. Bxc6 bxc6 24. Be1 exd4 25. Bxb4 d3+ 26. Kxd3 axb4 27. f4
Kf7 28. Ra4 1-0

[Event "Landesliga Ost MV 2014-15"]
[Site "Mecklenburg-Vorpommern"]
[Date "2015.01.18"]
[Round "5.5"]
[White "Micheel, Peter"]
[Black "Richter, Frank"]
[Result "1/2-1/2"]
[WhiteElo "1721"]
[BlackElo "1730"]
[PlyCount "29"]
[EventType "team-tourn"]
[EventRounds "9"]
[EventCountry "GER"]
[SourceDate "2014.04.06"]
[WhiteTeam "SSC Graal-Mueritz"]
[BlackTeam "SV Waterkant Saal"]

1. e4 c5 2. Nf3 Nc6 3. d4 cxd4 4. Nxd4 Nf6 5. Nc3 a6 6. Be2 g6 7. Be3 Bg7 8.
Nxc6 bxc6 9. Qd2 d6 10. h3 O-O 11. O-O Qc7 12. Rad1 Bb7 13. f3 Rad8 14. Na4 c5
15. c4 1/2-1/2

[Event "Landesliga Ost MV 2014-15"]
[Site "Mecklenburg-Vorpommern"]
[Date "2015.01.18"]
[Round "5.6"]
[White "Nickel, Reimo"]
[Black "Hausmann, Ulli"]
[Result "1/2-1/2"]
[WhiteElo "1751"]
[BlackElo "1623"]
[PlyCount "69"]
[EventType "team-tourn"]
[EventRounds "9"]
[EventCountry "GER"]
[SourceDate "2014.04.06"]
[WhiteTeam "SV Waterkant Saal"]
[BlackTeam "SSC Graal-Mueritz"]

1. d4 d6 2. c4 e6 3. Nf3 Bd7 4. Bf4 Be7 5. e3 Nf6 6. h3 h6 7. Be2 c6 8. O-O g5
9. Bg3 Qb6 10. Qc2 c5 11. Nbd2 Nc6 12. dxc5 Qxc5 13. a3 e5 14. Ne4 Nxe4 15.
Qxe4 f5 16. Qd5 f4 17. exf4 exf4 18. Bh2 O-O-O 19. Rac1 Kb8 20. Rfd1 Qxd5 21.
Rxd5 Be6 22. Rd2 Na5 23. Nd4 Bd7 24. b4 Nc6 25. Nb5 Be6 26. Rcd1 Ne5 27. Nxd6
Bxd6 28. Rxd6 Rxd6 29. Rxd6 Bxc4 30. Bxc4 Nxc4 31. Rd3 Re8 32. g3 Ne5 33. Rc3
Nc6 34. Kf1 Rf8 35. gxf4 1/2-1/2

[Event "Landesliga Ost MV 2014-15"]
[Site "Mecklenburg-Vorpommern"]
[Date "2015.01.18"]
[Round "5.8"]
[White "Nickel, Udo"]
[Black "Mueggenburg, Rolf"]
[Result "1/2-1/2"]
[WhiteElo "1703"]
[BlackElo "1552"]
[PlyCount "75"]
[EventType "team-tourn"]
[EventRounds "9"]
[EventCountry "GER"]
[SourceDate "2014.04.06"]
[WhiteTeam "SV Waterkant Saal"]
[BlackTeam "SSC Graal-Mueritz"]

1. d4 Nf6 2. Nf3 d5 3. c4 e6 4. Bg5 Be7 5. e3 c6 6. Nc3 O-O 7. Bd3 Nbd7 8. O-O
h6 9. Bf4 Nh5 10. Be5 f5 11. cxd5 cxd5 12. h3 Nhf6 13. Bh2 Ne4 14. Ne5 Nxe5 15.
Bxe5 Bf6 16. Bxf6 Nxf6 17. Rc1 Bd7 18. Qb3 Bc6 19. Ne2 Qd7 20. Nf4 Kf7 21. Qd1
g5 22. Nh5 Kg8 23. f4 Qe8 24. Nxf6+ Rxf6 25. Be2 Qg6 26. Bh5 Qg7 27. Rf2 Kh8
28. g4 Qc7 29. Qf3 Qd6 30. fxg5 hxg5 31. Qg2 Rg8 32. Qh2 Qxh2+ 33. Kxh2 Rgf8
34. Kg3 Kg7 35. b3 Kh6 36. a4 f4+ 37. exf4 Rxf4 38. Rcf1 1/2-1/2

[Event "Landesliga Ost MV 2014-15"]
[Site "Mecklenburg-Vorpommern"]
[Date "2015.01.18"]
[Round "5.1"]
[White "Stork, Michael"]
[Black "Pawlick, Helmut"]
[Result "1-0"]
[WhiteElo "2038"]
[BlackElo "1816"]
[PlyCount "43"]
[EventType "team-tourn"]
[EventRounds "9"]
[EventCountry "GER"]
[SourceDate "2014.04.06"]
[WhiteTeam "ESV Waren"]
[BlackTeam "SV Rugia Bergen"]

1. Nf3 Nf6 2. c4 d5 3. cxd5 Nxd5 4. e4 Nf6 5. e5 Nd5 6. d4 c5 7. Nc3 Nxc3 8.
bxc3 e6 9. Bc4 Qa5 10. Bd2 Qc7 11. Rc1 Bd7 12. O-O Bc6 13. Re1 Be7 14. Qe2 Qd7
15. Be3 O-O 16. Rcd1 cxd4 17. Nxd4 Qc7 18. Bf4 Rd8 19. Qg4 Bd5 20. Bxd5 Rxd5
21. Nxe6 Rxd1 22. Qxg7# 1-0

[Event "Landesliga Ost MV 2014-15"]
[Site "Mecklenburg-Vorpommern"]
[Date "2015.01.18"]
[Round "5.2"]
[White "Pawlowicz, Wolfgang"]
[Black "Schumacher, Albrecht"]
[Result "1/2-1/2"]
[WhiteElo "1711"]
[BlackElo "1950"]
[PlyCount "77"]
[EventType "team-tourn"]
[EventRounds "9"]
[EventCountry "GER"]
[SourceDate "2014.04.06"]
[WhiteTeam "SV Rugia Bergen"]
[BlackTeam "ESV Waren"]

1. c4 g6 2. Nc3 c5 3. g3 Bg7 4. Bg2 Nc6 5. Nf3 Nf6 6. d3 O-O 7. O-O d5 8. cxd5
Nxd5 9. Bd2 e6 10. Qc1 Re8 11. Bh6 Nxc3 12. bxc3 Bh8 13. Qa3 Qa5 14. Qxa5 Nxa5
15. Rac1 Rb8 16. d4 cxd4 17. cxd4 Nc6 18. Bf4 Ra8 19. Rfd1 Bd7 20. e4 Rac8 21.
e5 Bg7 22. Ng5 Bf8 23. Ne4 Be7 24. h4 Nb4 25. Bg5 Rxc1 26. Rxc1 Bc6 27. Bxe7
Rxe7 28. Nf6+ Kg7 29. a3 Nd5 30. Bxd5 exd5 31. Rc5 h5 32. Kf1 Kf8 33. Ke2 Rc7
34. Ke3 b6 35. Nxd5 bxc5 36. Nxc7 cxd4+ 37. Kxd4 Ke7 38. f4 Kd7 39. Na6 1/2-1/2